සූරිය කුසුම -2/

Saved in:
Bibliographic Details
Main Author: කියු, චෝයි වන්
Other Authors: වෙත්තසිංහ, සමුද්‍ර (පරිවර්තක)
Format: Book
Language:English
Sinhalese
Published: පිටකෝට්ටේ ; සමුද්‍ර, 2024
Subjects:
Tags: Add Tag
No Tags, Be the first to tag this record!

MARC

LEADER 00000nam a22000007a 4500
003 LK-VePL
005 20251213092009.0
008 241205b |||||||| |||| 00| 0 eng d
020 |a 9786245846214 
040 |a LK-VePL  |b sin  |d LK-VePL 
041 |a sin 
082 |a 895.73  |b කියු 
100 |a කියු, චෝයි වන් 
245 |a සූරිය කුසුම -2/  |c චෝයි වන් කියු 
260 |a පිටකෝට්ටේ ;  |b සමුද්‍ර,  |c 2024 
300 |a පි.312:  |c සෙ.මි 22 
650 0 |a පරිවර්තන 
653 |a කොරියාව 
700 |a වෙත්තසිංහ, සමුද්‍ර  |e පරිවර්තක 
942 |c LBK 
999 |c 13224  |d 13224